00992nam a2200241 a 450000100060000000300080000600500170001400800410003103500190007204000320009104100080012308200250013124501380015626000350029430000290032950001320035850000270049050000670051750400290058465000210061371000870063471100290072169432BD-RjUL20211209081905.0170411s1962 enkad 100 0 eng  a(BD-RjUL)69643 aDLCcNEDdEQOdBD-RjULbeng aeng a674.13223bWOO 196210aWood chemistry :bproceedings of the Wood Chemistry Symposium held in Montreal, Canada, 9-11 August, 1961 /cWood Chemistry Symposium aLondon :bButterworths,c1962. a254 p. :bill. ;c26 cm. aAt head of title: International Union of Pure and Applied Chemistry, Applied Chemistry Section, Pulp, Paper and Board Division. aAdded t. p. in French. a"Reprinted from Pure and applied chemistry, vol. 5, nos. 1-2." aIncludes bibliographies. 0aWoodxChemistry.2 aInternational Union of Pure and Applied Chemistry.bPulp, Paper, and Board Section aWood Chemistry Symposium